=LDR 00000nam 2200000 4500 =001 INLIS000000000056771 =005 20200929085915 =035 ##$$a 0010-0920000402 =007 ta =008 200929###########################0###### =082 ##$$a 636.085 07 =084 ##$$a 636.085 07 Dwi k =245 1#$$a Laporan Penelitian : $b Kesesuaian antara kandungan energi dan asam amino pakan komplit unggas yang diperdagangkan di kota mataram dengan kebutuhan unggas /$c Dwi Kusuma Purnamasari =300 ##$$a vii, 51 halaman ; $c 28 cm =700 #$$a Erwan =700 #$$a K. G. Wiryawan =600 #4$$a Makanan Unggas - Penelitian =264 ##$$a Mataram :$b Kelompok Riset Non Ruminasia Program StudiPeternakan Fakultas Peternakan Unram,$c 2017 =336 ##$$a Text$2 rdacontent =337 ##$$a Laporan$2 rdamedia =338 ##$$a Lain-lain$2 rdacarrier =990 ##$$a 70837083 =990 ##$$a 195/49/2020